[Event "VII. Berecz memorial A 2019"]
[Site "?"]
[Date "2020.01.02"]
[Round "1.1"]
[White "Horvath, Zsolt"]
[Black "Helenyi, Zoltan"]
[Result "0-1"]
[WhiteElo "2398"]
[BlackElo "1991"]
[PlyCount "106"]
[EventDate "2020.01.02"]

1. e4 c5 2. Nf3 a6 3. d3 d5 4. exd5 Qxd5 5. Nc3 Qd8 6. Be3 e6 7. g3 b6 8. Bg2
Bb7 9. O-O Nf6 10. Qe2 Be7 11. Rad1 Nbd7 12. d4 Qc8 13. Rfe1 O-O 14. h3 cxd4
15. Bxd4 Bc5 16. Qe3 Bxd4 17. Rxd4 Qc7 18. Red1 Rad8 19. Qd2 Bxf3 20. Bxf3 Ne5
21. Bg2 Rc8 22. Qe2 b5 23. Rd6 Nc4 24. Rxa6 Nxb2 25. Nxb5 Qxc2 26. Qxc2 Rxc2
27. Rdd6 Rc1+ 28. Kh2 Rc2 29. Kg1 Rc1+ 30. Kh2 Rc2 31. f4 Nd5 32. Kg1 Nc4 33.
Rdc6 Nb4 34. Be4 Rc1+ 35. Kf2 Nxa6 36. Rxa6 Ra1 37. Bd3 Nb2 38. Be2 g6 39. Nd6
Rd8 40. h4 Nd1+ 41. Kf3 Nc3 42. a3 Nxe2 43. Kxe2 Rb8 44. Kf3 Rb3+ 45. Ke4 Raxa3
46. Rc6 Re3+ 47. Kd4 Rad3+ 48. Kc5 Rc3+ 49. Nc4 Rxg3 50. Kb4 Rxc4+ 51. Rxc4 Rh3
52. Kc5 Rxh4 53. Kd6 Kg7 0-1

[Event "VII. Berecz memorial A 2019"]
[Site "?"]
[Date "2020.01.02"]
[Round "1.2"]
[White "Kocsmar, Akos"]
[Black "Tatar Kis, Szabolcs"]
[Result "0-1"]
[WhiteElo "1941"]
[BlackElo "2372"]
[PlyCount "82"]
[EventDate "2020.01.02"]

1. d4 Nf6 2. Nf3 g6 3. g3 Bg7 4. Bg2 O-O 5. O-O d6 6. b3 c5 7. Bb2 cxd4 8. Nxd4
d5 9. Nd2 Re8 10. e3 e5 11. N4f3 Nc6 12. c4 d4 13. exd4 exd4 14. Re1 Rxe1+ 15.
Nxe1 Bg4 16. Ndf3 Qd7 17. Nd3 Ne4 18. Qc2 Nc3 19. a3 Re8 20. Re1 Rxe1+ 21.
Nfxe1 Na5 22. Bxc3 dxc3 23. Bf1 Nc6 24. Kh1 a5 25. Bg2 Qe7 26. h3 Bf5 27. c5 h5
28. Bxc6 bxc6 29. Kh2 Qe4 30. b4 axb4 31. axb4 Qc4 32. f3 Bd4 33. g4 hxg4 34.
hxg4 Be6 35. Qe2 Bf6 36. Kg3 Qd4 37. Qf2 Qd8 38. Kh3 Bc4 39. Qc2 Qd4 40. Kg2
Bh4 41. Nf2 Qd2 0-1

[Event "VII. Berecz memorial A 2019"]
[Site "?"]
[Date "2020.01.02"]
[Round "1.3"]
[White "Csizmadia, Laszlo"]
[Black "Retkes, Sandor"]
[Result "1-0"]
[WhiteElo "2346"]
[BlackElo "1925"]
[PlyCount "51"]
[EventDate "2020.01.02"]

1. d4 Nf6 2. c4 g6 3. Nc3 Bg7 4. e4 d6 5. Be2 O-O 6. f4 Na6 7. e5 Ne8 8. Nf3 c5
9. Be3 Bg4 10. dxc5 Nxc5 11. h3 Be6 12. O-O Qc8 13. Nd5 Bxd5 14. cxd5 Qd8 15.
Rc1 Nd7 16. Bd4 Nb6 17. e6 fxe6 18. Ng5 Bxd4+ 19. Qxd4 Ng7 20. Bg4 Rf6 21.
Bxe6+ Nxe6 22. Nxe6 Qd7 23. Rc7 Qb5 24. Rxe7 Nxd5 25. Nc7 Qb6 26. Qxb6 1-0

[Event "VII. Berecz memorial A 2019"]
[Site "?"]
[Date "2020.01.02"]
[Round "1.4"]
[White "Megyaszai, Balazs"]
[Black "Kopasz, Robert"]
[Result "1/2-1/2"]
[WhiteElo "1904"]
[BlackElo "2337"]
[PlyCount "101"]
[EventDate "2020.01.02"]

1. e4 c6 2. d4 d5 3. exd5 cxd5 4. Bd3 Nf6 5. Nf3 Bg4 6. O-O Nc6 7. c3 e6 8.
Nbd2 Bd6 9. Re1 Qc7 10. Nf1 Bh5 11. Bg5 Bg6 12. Bh4 Rb8 13. Bg3 Bxg3 14. Nxg3
Bxd3 15. Qxd3 b5 16. Rac1 O-O 17. Nd2 Na5 18. Rc2 Rfc8 19. Rec1 Nc4 20. Nb3 Nd7
21. Ne2 a5 22. Qg3 Qd8 23. Nd2 Nxd2 24. Rxd2 Rb6 25. Qd3 Nf6 26. f3 Ne8 27.
Rdc2 Nd6 28. b3 Rbc6 29. Qd2 Qc7 30. Qd3 h6 31. Kh1 Qd8 32. Kg1 Qg5 33. Kf2
R8c7 34. Qe3 Qg6 35. Nf4 Qf6 36. Nd3 Ne4+ 37. Ke2 Rxc3 38. Rxc3 Nxc3+ 39. Kd2
b4 40. a4 Qg6 41. g3 Qh5 42. h4 Re7 43. Re1 Qg6 44. Qf4 f6 45. g4 Qe8 46. Qd6
Kf7 47. Qf4 Qc8 48. g5 Re8 49. gxf6 gxf6 50. Qxh6 Rg8 51. Qh5+ 1/2-1/2

[Event "VII. Berecz memorial A 2019"]
[Site "?"]
[Date "2020.01.02"]
[Round "1.5"]
[White "Samu, Gabor Jr."]
[Black "Farkas, Sandor"]
[Result "1-0"]
[WhiteElo "2311"]
[BlackElo "1898"]
[PlyCount "59"]
[EventDate "2020.01.02"]

1. d4 e6 2. c4 Nf6 3. Nc3 c5 4. d5 exd5 5. cxd5 d6 6. Nf3 g6 7. h3 Bg7 8. e4
O-O 9. Bd3 Re8 10. O-O Na6 11. Re1 Nc7 12. a4 a6 13. Bf4 Rb8 14. Bf1 Nh5 15.
Bh2 b5 16. axb5 Nxb5 17. e5 Bxe5 18. Nxe5 Nd4 19. Nc6 Nxc6 20. dxc6 Rxe1 21.
Qxe1 Rxb2 22. Ne4 d5 23. Nxc5 Rc2 24. c7 Qf8 25. Nxa6 Nf6 26. Nb4 Rb2 27. Be5
Rxb4 28. Bxf6 Re4 29. Qc3 Qd6 30. Ra8 1-0

[Event "VII. Berecz memorial A 2019"]
[Site "?"]
[Date "2020.01.02"]
[Round "1.6"]
[White "Fekete, Agnes"]
[Black "Szajbely, Zsigmond"]
[Result "0-1"]
[WhiteElo "1891"]
[BlackElo "2287"]
[PlyCount "74"]
[EventDate "2020.01.02"]

1. d4 Nf6 2. Nf3 c5 3. c3 b6 4. Bg5 Bb7 5. Bxf6 exf6 6. e3 f5 7. Bd3 g6 8. O-O
Bg7 9. Nbd2 O-O 10. Rb1 d6 11. Re1 h6 12. h3 Nc6 13. dxc5 bxc5 14. Qe2 Rb8 15.
Rbd1 d5 16. Bb1 Qb6 17. Nb3 Rfd8 18. Qc2 Ba6 19. Rd2 Bc4 20. Nc1 Ne5 21. Nxe5
Bxe5 22. Ne2 Qa5 23. f4 Bg7 24. g4 fxg4 25. hxg4 Re8 26. Ng3 Rxb2 27. Qxb2 Bxc3
28. Qb7 Bxd2 29. f5 Qb6 30. Qd7 Bb5 31. Qxd5 Bxe1 32. fxg6 Qe6 33. gxf7+ Kxf7
34. Qh5+ Kg8 35. Nf5 Bd2 36. Nxh6+ Qxh6 37. Qd5+ Kh8 0-1

[Event "VII. Berecz memorial A 2019"]
[Site "?"]
[Date "2020.01.02"]
[Round "1.7"]
[White "Ress, Tamas"]
[Black "Pluhar, Andras"]
[Result "1-0"]
[WhiteElo "2242"]
[BlackElo "1878"]
[PlyCount "81"]
[EventDate "2020.01.02"]

1. d4 Nf6 2. Bg5 d5 3. c4 c6 4. Nc3 Nbd7 5. e3 g6 6. cxd5 cxd5 7. Qb3 e6 8. Nf3
h6 9. Bf4 a6 10. Bd3 Qb6 11. Qc2 g5 12. Bg3 Bg7 13. O-O O-O 14. Na4 Qc6 15. Qd1
Nb6 16. Nc5 Nc4 17. Ne5 Nxe5 18. Bxe5 b6 19. Nb3 Ra7 20. Rc1 Qd7 21. h4 a5 22.
hxg5 hxg5 23. f4 Ne4 24. Bxe4 dxe4 25. Bxg7 Kxg7 26. fxg5 Qd5 27. Rf4 e5 28.
Rh4 Bf5 29. Qh5 Qe6 30. dxe5 Rd7 31. Nd4 Rxd4 32. exd4 Qg6 33. Qh6+ Qxh6 34.
gxh6+ Kh7 35. Kf2 Rd8 36. Ke3 Rg8 37. g4 Bg6 38. d5 Rd8 39. d6 f6 40. Rc7+ Kh8
41. d7 1-0

[Event "VII. Berecz memorial A 2019"]
[Site "?"]
[Date "2020.01.02"]
[Round "1.8"]
[White "Hajdu, Istvan"]
[Black "Tubak, Daniel"]
[Result "1/2-1/2"]
[WhiteElo "1863"]
[BlackElo "2231"]
[PlyCount "170"]
[EventDate "2020.01.02"]

1. e4 e6 2. d4 d5 3. Bd3 dxe4 4. Bxe4 Nf6 5. Bf3 Nbd7 6. Ne2 e5 7. Nbc3 Bd6 8.
Bg5 O-O 9. O-O h6 10. Bxf6 Nxf6 11. Qd3 Re8 12. Rad1 Qe7 13. dxe5 Bxe5 14. Rd2
c6 15. Rfd1 g6 16. Ng3 Kg7 17. Re2 Qc7 18. Qd2 Be6 19. Qe1 Bc4 20. Re3 Bf4 21.
Rxe8 Rxe8 22. Be4 Qe5 23. f3 Nxe4 24. fxe4 Qc5+ 25. Kh1 Be6 26. Rd3 Be5 27. b3
Qa5 28. Kg1 Rd8 29. Rxd8 Qxd8 30. Nge2 Qa5 31. h3 Qb4 32. Kf1 b6 33. Qd2 Bc8
34. Qd3 Qa5 35. Ke1 Ba6 36. Qd2 Qb4 37. Kd1 Bxe2+ 38. Nxe2 Qxe4 39. Ng1 Qd4 40.
Qxd4 Bxd4 41. Nf3 Bc3 42. Ke2 f5 43. Kd3 Bf6 44. a4 Kf7 45. Kc4 Ke6 46. Ne1 h5
47. Nd3 g5 48. a5 h4 49. a6 Be5 50. b4 g4 51. b5 gxh3 52. gxh3 Bg3 53. bxc6 Kd6
54. c7 Kxc7 55. Kd5 f4 56. Ne5 b5 57. Kc5 b4 58. Kxb4 Kd6 59. Nf3 Kc6 60. c4
Kb6 61. c5+ Kxa6 62. Kc4 Kb7 63. Kd5 Kc7 64. Nd4 a6 65. Ne6+ Kc8 66. Nd4 Bf2
67. Nf3 Kc7 68. Ng5 Be3 69. Ne6+ Kb8 70. Ng5 Kb7 71. Nf3 Bf2 72. Ne5 a5 73. Kc4
Ka6 74. Nd3 Be3 75. Ne5 a4 76. Kb4 Bxc5+ 77. Kxa4 Be7 78. Kb3 Kb5 79. Kc2 Bf6
80. Nf3 Kc4 81. Kd2 Kd5 82. Kd3 Be7 83. Nh2 Bc5 84. Nf3 Bf2 85. Ng5 Bg3 1/2-1/2

[Event "VII. Berecz memorial A 2019"]
[Site "?"]
[Date "2020.01.02"]
[Round "1.9"]
[White "Udvardi, Zalan"]
[Black "Balog, Imre"]
[Result "1-0"]
[WhiteElo "2210"]
[BlackElo "1854"]
[PlyCount "93"]
[EventDate "2020.01.02"]

1. e4 c6 2. d4 d5 3. e5 Bf5 4. Nc3 h6 5. Bd3 Bxd3 6. Qxd3 e6 7. f4 Bb4 8. Nf3
Nd7 9. O-O Bxc3 10. bxc3 Ne7 11. Ba3 Nb6 12. Nd2 O-O 13. g4 f5 14. h3 Rf7 15.
Qg3 g6 16. Kh2 Kh7 17. Rg1 Qg8 18. Qh4 Nbc8 19. Nf3 Kg7 20. Rg2 fxg4 21. Qxg4
Rf5 22. Nh4 Qf7 23. Nxf5+ Nxf5 24. Rag1 Nce7 25. Qe2 b5 26. Qe1 Kh7 27. Bxe7
Nxe7 28. Qc1 Rg8 29. Rf2 Nf5 30. Qa3 Qc7 31. Rb1 Rg7 32. Qc5 Qd7 33. a4 a6 34.
axb5 axb5 35. Ra1 Qe8 36. Ra7 h5 37. Rf1 Qd8 38. Rxg7+ Nxg7 39. Qxc6 Qh4 40.
Qxb5 Nf5 41. Qd3 Kh6 42. Qf3 Kh7 43. Qf2 Qe7 44. Rg1 Qc7 45. Qg2 Nh4 46. Qg3
Qe7 47. Kh1 1-0

[Event "VII. Berecz memorial A 2019"]
[Site "?"]
[Date "2020.01.02"]
[Round "1.10"]
[White "Nagy, Gabor"]
[Black "Dobai, Szabolcs"]
[Result "0-1"]
[WhiteElo "1854"]
[BlackElo "2185"]
[PlyCount "62"]
[EventDate "2020.01.02"]

1. e4 d6 2. d4 Nf6 3. f3 g6 4. c4 Bg7 5. Nc3 c6 6. Be3 Qc7 7. Qd2 h6 8. Nge2 a6
9. Nc1 b5 10. b4 Nbd7 11. Nb3 h5 12. Be2 O-O 13. Rc1 bxc4 14. Bxc4 Qb8 15. a3
d5 16. Bd3 e5 17. O-O Re8 18. Bb1 Nb6 19. Na5 exd4 20. Bxd4 Be6 21. Nxc6 Nc4
22. Nxb8 Nxd2 23. Nc6 Nxf1 24. Kxf1 dxe4 25. Bxf6 Bxf6 26. Nxe4 Kg7 27. Nxf6
Kxf6 28. Be4 Bf5 29. Bd5 Bd3+ 30. Kf2 Re2+ 31. Kg3 h4+ 0-1

[Event "VII. Berecz memorial A 2019"]
[Site "?"]
[Date "2020.01.02"]
[Round "1.11"]
[White "Miszler, Levente"]
[Black "Varga, Gabor"]
[Result "1-0"]
[WhiteElo "2180"]
[BlackElo "1853"]
[PlyCount "101"]
[EventDate "2020.01.02"]

1. Nf3 Nf6 2. c4 c5 3. g3 Nc6 4. Nc3 g6 5. Bg2 Bg7 6. O-O O-O 7. d3 d6 8. Rb1
a6 9. a3 Rb8 10. b4 b6 11. bxc5 bxc5 12. Rxb8 Nxb8 13. Bd2 Bb7 14. Qb3 Bc6 15.
Rb1 Nbd7 16. Ne1 Bxg2 17. Nxg2 Qb8 18. Qb7 Qxb7 19. Rxb7 Rb8 20. Ra7 Rb6 21.
Ra8+ Nb8 22. a4 e6 23. Nb5 Ne8 24. Ba5 Rb7 25. Nc7 Nxc7 26. Bxc7 Rxc7 27. Rxb8+
Bf8 28. Ra8 Rc6 29. Ne3 Kg7 30. Ra7 h5 31. a5 Kf6 32. Nd1 Be7 33. Ra8 e5 34.
Nc3 Ke6 35. Nd5 Bg5 36. e3 f5 37. h4 Bf6 38. Re8+ Kf7 39. Rb8 Ke6 40. Rb6 Rc8
41. Nxf6 Kxf6 42. Rxd6+ Kf7 43. Kf1 Rb8 44. Rxa6 Rb1+ 45. Ke2 Rb2+ 46. Kf3 Ra2
47. Ra7+ Kf6 48. a6 Ra3 49. Ra8 Kg7 50. a7 Kh7 51. Ke2 1-0

[Event "VII. Berecz memorial A 2019"]
[Site "?"]
[Date "2020.01.02"]
[Round "1.12"]
[White "Matyassy, Lazar"]
[Black "Fekete, Albert"]
[Result "1-0"]
[WhiteElo "1822"]
[BlackElo "2169"]
[PlyCount "55"]
[EventDate "2020.01.02"]

1. e4 c5 2. Nf3 Nc6 3. d4 cxd4 4. Nxd4 e5 5. Nb5 d6 6. N1c3 a6 7. Na3 b5 8. Nd5
Nce7 9. Be3 Nxd5 10. Qxd5 Be6 11. Qb7 Nf6 12. c4 Be7 13. cxb5 O-O 14. b6 d5 15.
Bd3 Bb4+ 16. Kf1 d4 17. Bg5 Bxa3 18. bxa3 Rb8 19. Qc7 Qxc7 20. bxc7 Rb6 21. Ke2
Rc8 22. Rhc1 Ne8 23. Bd8 f6 24. a4 Nd6 25. Rab1 Rxb1 26. Rxb1 Bc4 27. Bxc4+
Nxc4 28. Rb8 1-0

[Event "VII. Berecz memorial A 2019"]
[Site "?"]
[Date "2020.01.02"]
[Round "1.13"]
[White "Papp Z., Csaba"]
[Black "Panda, Gyorgy"]
[Result "1-0"]
[WhiteElo "2151"]
[BlackElo "1790"]
[PlyCount "51"]
[EventDate "2020.01.02"]

1. e4 c5 2. Nf3 e6 3. d4 cxd4 4. Nxd4 a6 5. c4 Nf6 6. Nc3 Qc7 7. Be3 Bb4 8. f3
Bxc3+ 9. bxc3 d6 10. Be2 O-O 11. O-O e5 12. Nc2 Be6 13. Na3 Nbd7 14. g4 Nb6 15.
Qb3 Nbd7 16. Rfd1 Rfd8 17. Rd2 b5 18. Qb4 Ne8 19. cxb5 Rab8 20. c4 axb5 21.
cxb5 Nc5 22. Rc1 Na6 23. Qc3 Rdc8 24. Qxc7 Rxc7 25. Rxc7 Naxc7 26. Ba7 1-0

[Event "VII. Berecz memorial A 2019"]
[Site "?"]
[Date "2020.01.02"]
[Round "1.14"]
[White "Szabo, Levente Jr."]
[Black "Papp, Bence"]
[Result "0-1"]
[WhiteElo "1784"]
[BlackElo "2140"]
[PlyCount "102"]
[EventDate "2020.01.02"]

1. d4 f5 2. c4 Nf6 3. Nf3 g6 4. g3 Bg7 5. Bg2 O-O 6. O-O d6 7. Qc2 c6 8. Nc3
Na6 9. a3 Qc7 10. d5 e5 11. dxe6 Bxe6 12. Ng5 Bxc4 13. b3 Bf7 14. Nxf7 Qxf7 15.
Rb1 Nc7 16. Bf4 Rfd8 17. Rfd1 Nfe8 18. b4 Qc4 19. Rbc1 Ne6 20. Qd2 Nxf4 21.
gxf4 Kh8 22. Ne4 Qb3 23. Ng5 h6 24. Rb1 Qg8 25. Nf3 a6 26. Nh4 Bf6 27. Nf3 Nc7
28. a4 Qg7 29. Ne1 d5 30. Qc2 Ne6 31. e3 Rac8 32. Nd3 Qe7 33. Qb3 Nc7 34. Qc2
Ne8 35. Nc5 Nd6 36. Qb3 Bg7 37. Qc2 Nc4 38. Qb3 a5 39. Nd3 axb4 40. Nxb4 Ra8
41. Nc2 Ra7 42. Nd4 Rda8 43. h3 Qa3 44. Qc2 Rxa4 45. Rxb7 Nxe3 46. Qxc6 Rxd4
47. Rdb1 Nxg2 48. Qxg6 Qf8 49. Rb8 Nxf4 50. Rxf8+ Rxf8 51. Rb7 Nxg6 0-1

[Event "VII. Berecz memorial A 2019"]
[Site "?"]
[Date "2020.01.02"]
[Round "1.15"]
[White "Marta, Dominik"]
[Black "Tornyai, Jeno"]
[Result "1-0"]
[WhiteElo "2114"]
[BlackElo "1781"]
[PlyCount "55"]
[EventDate "2020.01.02"]

1. Nf3 d5 2. d4 Nf6 3. g3 e6 4. Bg2 c5 5. c3 Nc6 6. O-O Bd7 7. Re1 Rc8 8. Bg5
h6 9. Bxf6 Qxf6 10. e4 dxe4 11. Rxe4 cxd4 12. cxd4 Nb4 13. Nc3 Be7 14. Ne5 Nd5
15. Nxd5 exd5 16. Nxd7 Kxd7 17. Bh3+ Kd8 18. Rf4 Qb6 19. Bxc8 Kxc8 20. Rc1+ Kb8
21. Rxf7 Bf6 22. Rc5 Rd8 23. Qc1 Qd6 24. Rcc7 Bxd4 25. Rxb7+ Ka8 26. Rfd7 Qf6
27. Rxd8+ Qxd8 28. Qc6 1-0

[Event "VII. Berecz memorial A 2019"]
[Site "?"]
[Date "2020.01.02"]
[Round "1.16"]
[White "Bacsi, Kristof"]
[Black "Papp, Balazs"]
[Result "1-0"]
[WhiteElo "1777"]
[BlackElo "2102"]
[PlyCount "57"]
[EventDate "2020.01.02"]

1. d4 Nf6 2. Nf3 e6 3. c4 c5 4. e3 d5 5. Nc3 Nc6 6. Be2 dxc4 7. Bxc4 a6 8. a4
cxd4 9. exd4 Bb4 10. O-O h6 11. d5 Bxc3 12. dxc6 Qxd1 13. Rxd1 Ba5 14. b4 Bxb4
15. Rb1 a5 16. Bb5 Ke7 17. Ne5 Nd5 18. Bb2 Rd8 19. Bd4 f6 20. Rxb4 fxe5 21.
Bc5+ Kf6 22. Rb3 bxc6 23. Rf3+ Kg6 24. Bd3+ Kg5 25. Be4 Ba6 26. Rxd5 Rxd5 27.
Be3+ Kh4 28. Rh3+ Kg4 29. f3# 1-0

[Event "VII. Berecz memorial A 2019"]
[Site "?"]
[Date "2020.01.02"]
[Round "1.17"]
[White "Koszta, Benedek"]
[Black "Nagy, Lajos"]
[Result "1-0"]
[WhiteElo "2096"]
[BlackElo "1765"]
[PlyCount "107"]
[EventDate "2020.01.02"]

1. e4 e5 2. Nc3 Nc6 3. Bc4 Nf6 4. d3 Bc5 5. f4 exf4 6. Bxf4 d6 7. Nf3 O-O 8. d4
Bb6 9. d5 Ne7 10. Qe2 Ng6 11. Bg3 Re8 12. O-O-O Nxe4 13. Nxe4 Bf5 14. Nfd2 Bxe4
15. Nxe4 f5 16. Bd3 fxe4 17. Bxe4 Qg5+ 18. Kb1 Qe3 19. Qxe3 Bxe3 20. Bf5 Bg5
21. Be6+ Kh8 22. Rhf1 Bf6 23. c4 Re7 24. Rd2 Rae8 25. Rdf2 Nf8 26. Bf5 Re1+ 27.
Rxe1 Rxe1+ 28. Kc2 b6 29. Bg4 Re4 30. Be2 Nd7 31. Bd3 Re7 32. b4 Kg8 33. Bf5
Nf8 34. Kd3 Kf7 35. Re2 Rxe2 36. Kxe2 Bc3 37. a3 Kf6 38. Be4 g5 39. c5 Be5 40.
cxb6 cxb6 41. Bf2 Bb2 42. a4 Bc3 43. b5 h6 44. Kd3 Be5 45. a5 Nd7 46. a6 Bxh2
47. g3 h5 48. Bf3 h4 49. gxh4 Ne5+ 50. Ke4 Nxf3 51. Kxf3 gxh4 52. Bxb6 Ke5 53.
Bxa7 Kxd5 54. Bf2 1-0

[Event "VII. Berecz memorial A 2019"]
[Site "?"]
[Date "2020.01.02"]
[Round "1.18"]
[White "Toth, Sandor Sr."]
[Black "Divald, Tamas"]
[Result "1-0"]
[WhiteElo "1745"]
[BlackElo "2087"]
[PlyCount "105"]
[EventDate "2020.01.02"]

1. d4 Nf6 2. c4 e6 3. Nc3 Bb4 4. Qc2 d5 5. a3 Bxc3+ 6. Qxc3 c5 7. cxd5 cxd4 8.
Qxd4 Nc6 9. Qd1 Qxd5 10. Qxd5 exd5 11. e3 Bf5 12. Nf3 a6 13. Be2 O-O-O 14. O-O
Rhe8 15. Re1 d4 16. exd4 Rxd4 17. Nxd4 Nxd4 18. Be3 Nb3 19. Rad1 Bc2 20. Rd6
Kc7 21. Bf4 Nh5 22. Re6+ Nxf4 23. Rxe8 Kd7 24. Bc4 f5 25. R8e7+ Kc6 26. Rxg7
Nd2 27. Bf1 Nh3+ 28. gxh3 Nf3+ 29. Kg2 Nxe1+ 30. Kg3 h5 31. Kf4 Be4 32. Rh7 Nc2
33. Rxh5 Nd4 34. Rh6+ Kd5 35. h4 Ne6+ 36. Ke3 f4+ 37. Kd2 Nc5 38. Kc3 Na4+ 39.
Kb3 b5 40. Kb4 Nxb2 41. Rxa6 Nd1 42. Bxb5 Nxf2 43. Bc6+ Kd4 44. Bxe4 Nxe4 45.
Ra8 f3 46. Rf8 f2 47. h5 Ke3 48. h6 Ng5 49. Rxf2 Kxf2 50. a4 Ke3 51. a5 Kd4 52.
a6 Ne6 53. h7 1-0

[Event "VII. Berecz memorial A 2019"]
[Site "?"]
[Date "2020.01.02"]
[Round "1.19"]
[White "Balint, Richard"]
[Black "Panda, Barnabas"]
[Result "1-0"]
[WhiteElo "2041"]
[BlackElo "1728"]
[PlyCount "91"]
[EventDate "2020.01.02"]

1. e4 c5 2. Nf3 Nc6 3. d4 cxd4 4. Nxd4 Nf6 5. Nc3 d6 6. Bb5 Bd7 7. O-O e6 8.
Bg5 Be7 9. Re1 h6 10. Bh4 O-O 11. Bg3 Qb6 12. Nb3 Ne5 13. Qd4 Qxd4 14. Nxd4
Bxb5 15. Ndxb5 a6 16. Nd4 Rac8 17. Nd1 Rc4 18. c3 Rfc8 19. a4 Nfd7 20. f4 Nc6
21. Nb3 Nc5 22. Nxc5 Rxc5 23. Bf2 Rh5 24. g4 Rh3 25. Bg3 h5 26. Nf2 Rxg3+ 27.
hxg3 hxg4 28. Nxg4 g6 29. Kg2 Kg7 30. Rad1 Na5 31. Rd4 Nb3 32. Rb4 Nc5 33. Rd1
f5 34. exf5 gxf5 35. Ne3 Rc7 36. a5 Ne4 37. Kf3 d5 38. Rb6 Kf7 39. Nxf5 exf5
40. Rxd5 Rc5 41. Rd7 Rb5 42. Rxb5 axb5 43. Rxb7 b4 44. cxb4 Nd6 45. a6 Nxb7 46.
a7 1-0

[Event "VII. Berecz memorial A 2019"]
[Site "?"]
[Date "2020.01.02"]
[Round "1.20"]
[White "Torok, Csaba"]
[Black "Bernath, Robert"]
[Result "1-0"]
[WhiteElo "1719"]
[BlackElo "2035"]
[PlyCount "63"]
[EventDate "2020.01.02"]

1. e4 e5 2. Nf3 Nc6 3. Bc4 Nf6 4. d3 Bc5 5. c3 O-O 6. O-O d5 7. exd5 Nxd5 8. h3
Nb6 9. Bb3 Bf5 10. Bc2 Qd7 11. b4 Bd6 12. a4 a5 13. b5 Ne7 14. Qe2 Ng6 15. d4
Rfe8 16. Bxf5 Qxf5 17. Be3 Nd5 18. Qd2 Ndf4 19. Bxf4 Nxf4 20. dxe5 Bc5 21. Nd4
Qg5 22. g3 Nxh3+ 23. Kg2 Qxd2 24. Nxd2 Ng5 25. f4 Ne6 26. Nxe6 Rxe6 27. Ne4 Be7
28. Rfe1 Rd8 29. Rad1 Rxd1 30. Rxd1 f6 31. Rd7 fxe5 32. f5 1-0

[Event "VII. Berecz memorial A 2019"]
[Site "?"]
[Date "2020.01.02"]
[Round "1.21"]
[White "Tapodi, Norman Lajos"]
[Black "Arato, Daniel"]
[Result "1-0"]
[WhiteElo "2033"]
[BlackElo "1706"]
[PlyCount "69"]
[EventDate "2020.01.02"]

1. d4 d5 2. c4 c6 3. Nf3 Nf6 4. Nc3 dxc4 5. e4 b5 6. e5 Nd5 7. a4 b4 8. Ne4 Bf5
9. Ng3 Bd3 10. Bxd3 cxd3 11. e6 fxe6 12. Qxd3 g6 13. h4 Nf6 14. h5 gxh5 15.
Nxh5 Qd5 16. Nf4 Qf5 17. Qe2 Kd7 18. Ne5+ Kc8 19. g4 Qe4 20. Qxe4 Nxe4 21. Neg6
Rg8 22. Rxh7 Ng5 23. Rxe7 Nf3+ 24. Kd1 Rxg6 25. Re8+ Kd7 26. Rxf8 Rxg4 27. Ne2
Nxd4 28. Bf4 Nxe2 29. Kxe2 e5 30. Bg3 Ke7 31. Rh8 Kf7 32. Rd1 Rg8 33. Rxg8 Kxg8
34. Rd8+ Kf7 35. Bxe5 1-0

[Event "VII. Berecz memorial A 2019"]
[Site "?"]
[Date "2020.01.02"]
[Round "1.22"]
[White "Kardos, Levente"]
[Black "Palotai, Bendeguz"]
[Result "1-0"]
[WhiteElo "1699"]
[BlackElo "2024"]
[PlyCount "31"]
[EventDate "2020.01.02"]

1. d4 d5 2. c4 e6 3. Nf3 c6 4. e3 Nf6 5. Nbd2 Bd6 6. Bd3 O-O 7. O-O Nbd7 8. e4
dxe4 9. Nxe4 Nxe4 10. Bxe4 e5 11. dxe5 Nxe5 12. Nxe5 f5 13. Bd5+ cxd5 14. Qxd5+
Kh8 15. Rd1 Bc7 16. Nf7+ 1-0

[Event "VII. Berecz memorial A 2019"]
[Site "?"]
[Date "2020.01.02"]
[Round "1.23"]
[White "Szilassi, Abel"]
[Black "Jojart, Zsolt"]
[Result "1/2-1/2"]
[WhiteElo "2021"]
[BlackElo "1672"]
[PlyCount "88"]
[EventDate "2020.01.02"]

1. e4 c5 2. Nf3 Nc6 3. d4 cxd4 4. Nxd4 Nf6 5. Nc3 e5 6. Ndb5 d6 7. Nd5 Nxd5 8.
exd5 Nb8 9. c4 Be7 10. Bd3 O-O 11. O-O f5 12. f4 a6 13. Nc3 Bf6 14. fxe5 Bxe5
15. Qf3 Qh4 16. Bf4 Nd7 17. g3 Qf6 18. Kh1 g5 19. Be3 Bxc3 20. bxc3 Ne5 21. Bd4
Bd7 22. Rab1 b5 23. cxb5 axb5 24. Qe2 Qf7 25. c4 bxc4 26. Bxc4 Nxc4 27. Qxc4
Ra4 28. Rb4 Rxb4 29. Qxb4 Qxd5+ 30. Kg1 Bc6 31. Qb3 Qxb3 32. axb3 Be4 33. Rc1
h6 34. Rc7 Rf7 35. Rc8+ Kh7 36. Rd8 Rb7 37. Rxd6 Rxb3 38. Rd7+ Kg6 39. Rd6+ Kh7
40. Rd7+ Kg8 41. Rg7+ Kf8 42. Rg6 f4 43. Rf6+ Ke7 44. gxf4 gxf4 1/2-1/2

[Event "VII. Berecz memorial A 2019"]
[Site "?"]
[Date "2020.01.02"]
[Round "1.24"]
[White "Markus, Molli Amina"]
[Black "Toth, Nikoletta"]
[Result "1/2-1/2"]
[WhiteElo "1669"]
[BlackElo "2003"]
[PlyCount "118"]
[EventDate "2020.01.02"]

1. Nf3 d5 2. c4 e6 3. g3 Nf6 4. Bg2 Be7 5. O-O O-O 6. d3 c5 7. Qc2 Nc6 8. e4
dxe4 9. dxe4 Nd4 10. Nxd4 cxd4 11. e5 Nd7 12. Re1 f6 13. exf6 Nxf6 14. Qd3 Bc5
15. h3 Qe7 16. Nd2 e5 17. a3 a5 18. Nb3 Bb6 19. c5 Bc7 20. Qxd4 Qf7 21. Qe3 Nd5
22. Bxd5 Qxd5 23. Nd2 Bxh3 24. Qb3 Qxb3 25. Nxb3 Rf5 26. Be3 Rh5 27. Nd2 Bd7
28. f3 Rf5 29. b4 Bc6 30. Kg2 Raf8 31. Rf1 Rd8 32. Rab1 Rd3 33. Rb3 e4 34. Rxd3
exd3 35. Rb1 Bd5 36. g4 Rf6 37. Kf2 Re6 38. Nf1 Be5 39. f4 Bc7 40. Rd1 Bc4 41.
Nd2 Bb5 42. Ra1 Rf6 43. f5 Be5 44. Rb1 a4 45. Ne4 Rf8 46. Nd2 g6 47. Nf3 Bg7
48. Nh4 gxf5 49. gxf5 Bd7 50. Kf3 Bxf5 51. Nxf5 Rxf5+ 52. Ke4 Rf6 53. Kxd3 h5
54. Rh1 Rf5 55. Ke4 Re5+ 56. Kd3 Rf5 57. Ke4 Re5+ 58. Kd3 Rd5+ 59. Ke4 Re5+
1/2-1/2

[Event "VII. Berecz memorial A 2019"]
[Site "?"]
[Date "2020.01.02"]
[Round "1.25"]
[White "Bilku, Andras"]
[Black "Kapicakova, Lucia"]
[Result "1-0"]
[WhiteElo "1998"]
[BlackElo "1601"]
[PlyCount "189"]
[EventDate "2020.01.02"]

1. d4 Nf6 2. c4 g6 3. Nc3 Bg7 4. e4 d6 5. Nf3 O-O 6. h3 e5 7. d5 a5 8. Bg5 h6
9. Be3 Na6 10. Be2 Nc5 11. Nd2 Ne8 12. g4 g5 13. Qc2 Na6 14. Nf1 Nf6 15. Ng3
Bd7 16. Qd2 Nh7 17. Rh2 f6 18. O-O-O Be8 19. Rdh1 Bg6 20. Nf5 Qd7 21. h4 Qd8
22. hxg5 hxg5 23. Rh3 Rf7 24. Qe1 Bf8 25. Qg1 Qd7 26. Qh2 c6 27. Rd1 c5 28. Nb5
a4 29. Rh1 Nc7 30. Nxc7 Qxc7 31. Bd2 Rb8 32. Ra3 Ra8 33. Qg3 Qd8 34. Qg2 b6 35.
Rah3 Raa7 36. R1h2 Qa8 37. Qh1 Qb7 38. Kd1 Ra6 39. Ke1 Qa7 40. Kf1 a3 41. b3
Qc7 42. Kg2 Ra7 43. Rg3 Qb8 44. Rhh3 Qa8 45. Qc1 Ra6 46. b4 Raa7 47. Rxa3 Rxa3
48. Rxa3 Qb8 49. b5 Ra7 50. Bd1 Qa8 51. Rxa7 Qxa7 52. a4 Bxf5 53. gxf5 Be7 54.
Qa3 Bd8 55. Qh3 Qg7 56. Qh5 Nf8 57. Qe8 Qd7 58. Bh5 Qxe8 59. Bxe8 Kg7 60. Kf3
Kh6 61. Ke2 Kg7 62. Kd3 Nh7 63. Kc2 g4 64. Bh5 Ng5 65. Kd3 Nh3 66. Ke3 Nf4 67.
Bxg4 Kh6 68. Bd1 Kg5 69. Kf3 Bc7 70. Kg3 Bd8 71. Bc1 Bc7 72. Kf3 Bd8 73. Ke3
Kh4 74. Kd2 Nh3 75. f3 Kg3 76. Be2 Ng1 77. Kd3 Nxe2 78. Kxe2 Be7 79. Bd2 Bd8
80. Bh6 Be7 81. Bg7 Kh4 82. a5 bxa5 83. b6 Bd8 84. b7 Bc7 85. Bxf6+ Kh5 86. Bd8
Bb8 87. Bxa5 Kh6 88. Kf2 Kh5 89. Kg3 Kg5 90. Bd8+ Kh6 91. Kh4 Kg7 92. Kg5 Kf7
93. f6 Ke8 94. Kg6 Kf8 95. f7 1-0